MARC

LEADER 00000nam0a2200000 4500
001 368987
005 20231102012134.0
035 |a (RuTPU)RU\TPU\retro\26369 
090 |a 368987 
100 |a 20220426d1980 k y0rusy50 ca 
101 0 |a rus 
102 |a RU 
105 |a a z 001zy 
200 1 |a Исследование методов сварки . Процессы монтажа резервуаров  |f Всесоюзный научно-исследовательский институт по монтажным и специальным строительным работам ; под ред. Б. В. Поповсского, Ю. В. Соколова 
210 |a Москва  |c ОНТИ  |d 1980 
215 |a 231 с.  |c ил. 
320 |a Библиогр. в конце ст. 
606 1 |a Резервуары  |x Монтаж  |x Строительная механика  |2 stltpush  |3 (RuTPU)RU\TPU\subj\24584  |9 48905 
606 1 |a Сварка  |x Специальные методы  |2 stltpush  |3 (RuTPU)RU\TPU\subj\72770  |9 86164 
610 1 |a металлы 
610 1 |a сварочные соединения 
610 1 |a сварочные материалы 
610 1 |a сварочные ванны 
610 1 |a гидродинамические процессы 
610 1 |a дуговая сварка 
610 1 |a разрушение 
610 1 |a кинетика 
610 1 |a стальные резервуары 
610 1 |a хрупкое разрушение 
675 |a 624.95  |v 4 
675 |a 621.791  |v 4 
702 1 |a Поповсский  |b Б. В.  |4 340 
702 1 |a Соколов  |b Ю. В.  |4 340 
712 0 2 |a Всесоюзный научно-исследовательский институт по монтажным и специальным строительным работам  |2 stltpush  |3 (RuTPU)RU\TPU\col\12662  |9 25494 
801 1 |a RU  |b 63413507  |c 20220426 
942 |c BK